| 000 | 00911nam a22002295i 4500 | ||
|---|---|---|---|
| 001 | 157807 | ||
| 003 | ES-MaACL | ||
| 005 | 20250704063120.0 | ||
| 008 | 931215s1875 fr |||| | fre d | ||
| 040 |
_aCAT _bspa _cCAT _dCCPB |
||
| 080 | _a804.0-3 | ||
| 100 | 1 |
_aLittré, Émile, _d1801-1881 _9128979 |
|
| 245 | 1 | 0 |
_aDictionnaire de la langue française / _cpar É. Littré. |
| 260 |
_aParis ; _aLondres : _bLibrairie Hachette et Cie, _c1875. |
||
| 300 |
_a2 t. en 4 v. (LIX, [2080]; 2628 p.) ; _c32 cm. |
||
| 504 | _aBibliografía p. [2622]-2628. | ||
| 597 | _aTexto a 3 col. | ||
| 597 | _aDescripción completada a partir de la ed. de 1873-1874 y de BNP. | ||
| 650 | 4 |
_aLengua francesa- _vDiccionarios. _914205 |
|
| 852 |
_aES-MaACL _jB-835-38 _z-- Enc. tela _x-- Edic.: T.I (LIX, 944) - T.II ([4], [945]-2080 p.) - T.III (1396 p.) - T.IV ([4], [1397]-2628 p.) |
||
| 999 |
_c157807 _d157807 |
||